000 01539nab a22002417a 4500
999 _c6012
_d6012
003 OSt
005 20260116171527.0
008 190605e xxu||||| |||| 00| 0 spa d
040 _cPJ
100 _96466
_aCardoso, Nicolás E.
245 1 3 _aEl decreto 149/2025 PEN. Implicaciones en la negociación colectiva y su compatibilidad con la doctrina de la OIT /
_cNicolás E. Cardoso.
260 _aCiudad Autónoma de Buenos Aires :
_bThomson Reuters La Ley,
_c2025.
300 _ap. 76-80
500 _aCita Online: Cita: TR LALEY AR/DOC/864/2025.
505 _aSumario: I. Introducción.— II. Los aportes solidarios en la doctrina de la OIT.— III. La doctrina de la OIT sobre la negociación colectiva libre y voluntaria.— IV. La doctrina de la OIT respecto a los principios generales de la intervención de las autoridades públicas en la negociación colectiva.— V. La doctrina de la OIT respecto a intervenciones administrativas que suspenden convenios colectivos o que imponen su renegociación.— VI. El dec. 149/2025 PEN y sus puntos de tensión con la doctrina de la OIT.— VII. Conclusiones.
505 _t¿Te interesa el texto completo? Solicitalo al correo: koha@justierradelfuego.gov.ar
650 0 _91316
_aDERECHO LABORAL
650 0 _91570
_aDERECHOS DEL TRABAJADOR
650 0 _aNEGOCIACION COLECTIVA
_91346
653 _aAPORTE SINDICAL
773 0 _02711
_93168
_dCiudad Autónoma de Buenos Aires : Thomson Reuters La Ley, 1999-2002.
_tRevista de derecho del trabajo. Nº 3 - Mayo 2025
942 _2udc
_cANA